<?xml version="1.0" encoding="UTF-8"?>
<record
    xmlns:xsi="http://www.w3.org/2001/XMLSchema-instance"
    xsi:schemaLocation="http://www.loc.gov/MARC21/slim http://www.loc.gov/standards/marcxml/schema/MARC21slim.xsd"
    xmlns="http://www.loc.gov/MARC21/slim">

  <leader>01002cam a2200277 a 4500</leader>
  <controlfield tag="001">k  64000477 </controlfield>
  <controlfield tag="003">DLC</controlfield>
  <controlfield tag="005">20260227111524.0</controlfield>
  <controlfield tag="008">000710s1947    ko            000 0 kor c</controlfield>
  <datafield tag="010" ind1=" " ind2=" ">
    <subfield code="a">k  64000477 </subfield>
  </datafield>
  <datafield tag="035" ind1=" " ind2=" ">
    <subfield code="a">(CStRLIN)DCLP00-B8819</subfield>
  </datafield>
  <datafield tag="040" ind1=" " ind2=" ">
    <subfield code="a">Harvard Univ. Chinese-Japanese Library</subfield>
    <subfield code="c">MH-HY</subfield>
    <subfield code="d">DLC-R</subfield>
    <subfield code="d">DLC</subfield>
  </datafield>
  <datafield tag="043" ind1=" " ind2=" ">
    <subfield code="a">a-kr---</subfield>
  </datafield>
  <datafield tag="050" ind1="0" ind2="0">
    <subfield code="a">HC467</subfield>
    <subfield code="b">.C42 1947</subfield>
  </datafield>
  <datafield tag="066" ind1=" " ind2=" ">
    <subfield code="c">$1</subfield>
  </datafield>
  <datafield tag="100" ind1="1" ind2=" ">
    <subfield code="6">880-01</subfield>
    <subfield code="a">Ch&#x2BB;oe, Ho-jin,</subfield>
    <subfield code="d">1914-</subfield>
  </datafield>
  <datafield tag="245" ind1="1" ind2="0">
    <subfield code="6">880-02</subfield>
    <subfield code="a">K&#x16D;ndae Chos&#x14F;n ky&#x14F;ngjesa y&#x14F;n&#x2BC;gu :</subfield>
    <subfield code="p">che 1-kw&#x14F;n /</subfield>
    <subfield code="c">Ch&#x2BB;oe Ho-jin ch&#x14F;.</subfield>
  </datafield>
  <datafield tag="246" ind1="3" ind2="0">
    <subfield code="6">880-03</subfield>
    <subfield code="a">Chos&#x14F;n ky&#x14F;ngjesa y&#x14F;n&#x2BC;gu</subfield>
  </datafield>
  <datafield tag="260" ind1=" " ind2=" ">
    <subfield code="6">880-04</subfield>
    <subfield code="a">S&#x14F;ul :</subfield>
    <subfield code="b">Minjung S&#x14F;gwan,</subfield>
    <subfield code="c">1947.</subfield>
  </datafield>
  <datafield tag="300" ind1=" " ind2=" ">
    <subfield code="a">200 p. ;</subfield>
    <subfield code="c">21 cm.</subfield>
  </datafield>
  <datafield tag="651" ind1=" " ind2="0">
    <subfield code="a">Korea</subfield>
    <subfield code="x">Economic conditions</subfield>
    <subfield code="y">1864-1910.</subfield>
  </datafield>
  <datafield tag="880" ind1="1" ind2=" ">
    <subfield code="6">100-01/$1</subfield>
    <subfield code="a">&#x5D14;&#x3000;&#x864E;&#x93AE;,</subfield>
    <subfield code="d">1914-</subfield>
  </datafield>
  <datafield tag="880" ind1="1" ind2="0">
    <subfield code="6">245-02/$1</subfield>
    <subfield code="a">&#x8FD1;&#x4EE3;&#x3000;&#x671D;&#x9BAE;&#x3000;&#x7D93;&#x6FDF;&#x53F2;&#x3000;&#x7814;&#x7A76; :</subfield>
    <subfield code="p">&#x7B2C;&#x3000;1&#x5377; /</subfield>
    <subfield code="c">&#x5D14;&#x3000;&#x864E;&#x93AE;&#x3000;&#x8457;.</subfield>
  </datafield>
  <datafield tag="880" ind1="3" ind2="0">
    <subfield code="6">246-03/$1</subfield>
    <subfield code="a">&#x671D;&#x9BAE;&#x3000;&#x7D93;&#x6FDF;&#x53F2;&#x3000;&#x7814;&#x7A76;</subfield>
  </datafield>
  <datafield tag="880" ind1=" " ind2=" ">
    <subfield code="6">260-04/$1</subfield>
    <subfield code="a">&#xC11C;&#xC6B8; :</subfield>
    <subfield code="b">&#x6C11;&#x8846;&#x3000;&#x66F8;&#x8218;,</subfield>
    <subfield code="c">1947.</subfield>
  </datafield>
  <datafield tag="999" ind1=" " ind2=" ">
    <subfield code="c">35349</subfield>
    <subfield code="d">35349</subfield>
  </datafield>
</record>
